000 01534nam a2200373 a 4500
001 ebr10569485
003 CaPaEBR
006 m u
007 cr cn|||||||||
008 120213s2012 ne sb 001 0 eng d
010 _z 2012003101
020 _z9789004225220 (hardback : alk. paper)
020 _z9789004228252 (e-book)
040 _aCaPaEBR
_cCaPaEBR
035 _a(OCoLC)795120512
043 _aa-cc---
050 1 4 _aPL2668.H7
_bW36 2012eb
082 0 4 _a895.1/82409
_223
100 1 _aWang, Ping,
_d1973-
245 1 4 _aThe age of courtly writing
_h[electronic resource] :
_bWen xuan compiler Xiao Tong (501-531) and his circle /
_cby Ping Wang.
260 _aLeiden ;
_aBoston :
_bBrill,
_c2012.
300 _ax, 309 p.
490 1 _aSinica Leidensia,
_x0169-9563 ;
_vv. 106
504 _aIncludes bibliographical references and index.
533 _aElectronic reproduction.
_bPalo Alto, Calif. :
_cebrary,
_d2013.
_nAvailable via World Wide Web.
_nAccess may be limited to ebrary affiliated libraries.
600 1 0 _aXiao, Tong,
_d501-531
_xCriticism and interpretation.
600 1 0 _aXiao, Tong,
_d501-531
_xFriends and associates.
650 0 _aChinese literature
_y220-589
_xHistory and criticism.
651 0 _aChina
_xIntellectual life
_y221 B.C.-960 A.D.
655 7 _aElectronic books.
_2local
710 2 _aebrary, Inc.
830 0 _aSinica Leidensia ;
_vv. 106.
856 4 0 _uhttp://site.ebrary.com/lib/rucke/Doc?id=10569485
_zAn electronic book accessible through the World Wide Web; click to view
999 _c81881
_d81881